00690 2200229 4500001002100000005001500021035002000036007000300056008004100059020002200100082001000122084001600132100001800148245007200166250002000238260004000258300005400298700002900352700003100381600001200412856003600424INLIS00000000113868120220120025711 a0010-0122003828ta220120 e 0 ind  a978-979-692-746-3 a650.1 a650.1 CEC t0 acecep sumarna1 aTEOLOGI BISNIS :bmelacak jejak nalar entrepreneur /ccecep sumarna aCetakan Pertama abandung :bREMAJA ROSDAKARYA,c2017 a214 HALAMAN :bIlustrasi ;c20 CM X 12 CMeKertas0 aeditor ; engkus kuswandi0 alayout ; roni sukma wijaya 4aTEOLOGI aPerpustakaan Umum Kota Makassar